<?xml version="1.0" encoding="UTF-8"?>
<marc:record xmlns:marc="http://www.loc.gov/MARC21/slim">
   <marc:leader>00000nam a2200000 a 4500</marc:leader>
   <marc:datafield ind1="1" ind2=" " tag="100">
      <marc:subfield code="a">Barman, Adrienne</marc:subfield>
      <marc:subfield code="4">aut</marc:subfield>
      <marc:subfield code="e">Verfasser/-in</marc:subfield>
   </marc:datafield>
   <marc:datafield ind1="0" ind2="0" tag="245">
      <marc:subfield code="a">Walross, Spatz und Beutelteufel</marc:subfield>
   </marc:datafield>
   <marc:datafield ind1="0" ind2="0" tag="245">
      <marc:subfield code="b">das große Sammelsurium der Tiere</marc:subfield>
   </marc:datafield>
   <marc:datafield ind1="0" ind2="0" tag="245">
      <marc:subfield code="c">Adrienne Barman. Aus dem Franz. von Susanne Schmidt-Wussow</marc:subfield>
   </marc:datafield>
   <marc:datafield ind1=" " ind2="1" tag="264">
      <marc:subfield code="a">Hamburg</marc:subfield>
      <marc:subfield code="b">Aladin</marc:subfield>
      <marc:subfield code="c">2015</marc:subfield>
   </marc:datafield>
   <marc:datafield ind1="1" ind2=" " tag="520">
      <marc:subfield code="a">Die Schneeweißen, die Himmelblauen, Bergbewohner, Nachtschwärmer und Gladiatoren - in dieser Enzyklopädie werden Tiere nach eigenwilligen Kriterien in ungewöhnlichen Gruppen zusammengestellt. Auf diese Weise ist eine ganz besondere Sammlung in faszinierenden Bildern entstanden, die nicht nur Spaß macht, sondern auch ganz neue Einblicke gewährt. Ein Muss für alle Tierfreunde!</marc:subfield>
   </marc:datafield>
   <marc:datafield ind1=" " ind2=" " tag="020">
      <marc:subfield code="a">9783848900909</marc:subfield>
      <marc:subfield code="9">9783848900909</marc:subfield>
   </marc:datafield>
   <marc:datafield ind1=" " ind2=" " tag="020">
      <marc:subfield code="a">3848900904</marc:subfield>
      <marc:subfield code="9">3848900904</marc:subfield>
   </marc:datafield>
   <marc:datafield ind1=" " ind2=" " tag="300">
      <marc:subfield code="a">208 S. : überw. Ill.</marc:subfield>
   </marc:datafield>
</marc:record>
